| 000 | 01052aab a2200205 i 4500 | ||
|---|---|---|---|
| 001 | 768714001 | ||
| 003 | CO-MdFUSB | ||
| 005 | 20240422120916.0 | ||
| 008 | 221108s1997 ag ||||| |||| 00| 0 spa d | ||
| 040 |
_bspa _cCO-MdFUSB _dCO-MdFUSB |
||
| 041 | _aspa | ||
| 100 | 1 |
_aPérez de Camargo, Carmen _eautor |
|
| 245 | 1 | 3 |
_aEl arte de Comunicarse _c/ Carmen Pérez de Camargo , Jesús Camargo López |
| 300 |
_aVolumen 16, número 3 (julio - septiembre, 1997), páginas: 28 - 29 _c; 27 cm |
||
| 520 | _aLa comunicación en la familia es un proceso con un doble propósito: informar sobre conceptos, sentimientos, experiencias y opiniones propios; establecer un mayor grado de intimidad entre los participantes, al generar un conocimiento más profundo y una relación más cercana entre aquellos que participan en el proceso. | ||
| 650 | 7 |
_aFamilia y enseñanza _9224 |
|
| 700 | 1 |
_aCamargo López, Jesús _eautor |
|
| 773 | 0 |
_tIglesia y Misión _049402 _959636 _gVolumen 16, número 3 (julio - septiembre, 1997), páginas: 28-29 _qPáginas: 28 |
|
| 942 | _cANA | ||
| 999 |
_c52268 _d52268 |
||